| 000 | 00452nam a2200157 4500 | ||
|---|---|---|---|
| 001 | 137328 | ||
| 003 | ES-MaACL | ||
| 005 | 20230906195342.0 | ||
| 007 | t| | ||
| 008 | 070214s1964 sp r ||||1| spa d | ||
| 100 | 1 |
_aSánchez G., Cándido. _9102650 |
|
| 245 | 1 | 0 |
_aAlba de sementera _b: (poesías) / _cCándido Sánchez G. |
| 260 |
_aOviedo : _b[s.n.], _c1964 ( _fGráf. Summa) |
||
| 300 |
_a110 p. ; _c18 cm. |
||
| 852 |
_aES-MaACL _jC-25541 _bR.53811 |
||
| 999 |
_c137328 _d137328 |
||